Visualizzazione normale
Vista MARC
- Trabucchi Marco, Brizioli Enrico, Pesaresi Franco (a cura di)
di Personal Name
Records bibliografici associati: 1
001 - CONTROL NUMBER
- control field: 56081
003 - CONTROL NUMBER IDENTIFIER
- control field: IT-RoPau
005 - DATE AND TIME OF LATEST TRANSACTION
- control field: 20161219172932.0
008 - FIXED-LENGTH DATA ELEMENTS
- fixed length control field: 161219|| aca||aabn | a|a d
040 ## - CATALOGING SOURCE
- Original cataloging agency: IT-RoPau
- Transcribing agency: IT-RoPau
100 ## - HEADING--PERSONAL NAME
- Personal name: Trabucchi Marco, Brizioli Enrico, Pesaresi Franco (a cura di)
670 ## - SOURCE DATA FOUND
- Source citation: Work cat.: (IT-RoPau): Trabucchi Marco, Brizioli Enrico, Pesaresi Franco (a cura di), Residenze sanitarie per anziani, 2002